Random Pokémon: Legends Arceus Questions - Statistics

General Stats
  • This quiz has been taken 37 times
  • The average score is 13 of 23
Answer Stats
Hint Answer % Correct
Rivals Pokemon in first Battle Pikachu
80%
Pokémon that lives in the center of lake Aquity Uxie
80%
Final Boss of the game Volo
80%
Last Area you Unlock in the Game alabaster icelands
76%
Pokémon that lives in the center of lake Valor Azelf
76%
Legendary found in a cave on Firespit Island Heatran
76%
Pokémon that lives in the center of lake Verity Mesprit
76%
Pokémon that you can get guaranteed as a shiny in a quest ponyta
76%
First area of the game Obsidian Fieldlands
68%
A Pokémon that can only be Evolved into when taking 300 Recoil damage without fainting Basculegion
64%
Leader of the Diamond Clan Adaman
60%
The only area naturally spawning an alpha Torterra Crimson Mirelands
56%
Cryus' old Ancestor, seen in Legends Arceus Cyllene
56%
Volo's Pokémon that stays with him throughout the game Togepi
52%
The only place to get fossil Pokémon in Space-Time Distortions Coronet Highlands
48%
What Pokémon can you acquire by having a beaten Sword and Shield on your save file? Shaymin
48%
An item you get after getting a level 10 entry in every Pokémon Shiny Charm
44%
How many Pokemon are in the full pokedex? 242
40%
What you can do after catching all of the Pokémon in the game Catch arceus
40%
Very annoying character who defends Electrode Mellli
40%
Pokémon who died while trying to save a Child Arcanine
36%
First Alpha you encounter in the game, usually from a quest. Parasect
8%
What cave can you find Phione and Manaphy in? Seaside Hollow
8%
No matching quizzes found
Score Distribution
Percent of People with Each Score
Percentile by Number Answered
Your Score History
You have not taken this quiz